000 00345nam a2200157Ia 4500
100 _aNone
650 _aGeneral
490 _v1
942 _cRB
654 _aEncyclopaedia
245 _aIllustrated science & invention encyclopaedia
260 _bH.S.Stuttman & co.
_aNew York
_c1977
082 _a503
300 _a128
546 _aENGLISH
999 _c18283
_d18283